|
|
|
|
| LEADER |
00000nas a2200000 a 4500 |
| 001 |
ssj0000802781 |
| 003 |
WaSeSS |
| 005 |
20200512172242.0 |
| 006 |
m d |
| 007 |
cr n |
| 008 |
110706c20119999ua qr p s u0 a0eng c |
| 010 |
|
|
|a 2012242141
|
| 022 |
|
|
|a 2090-4193
|l 2090-4185
|
| 035 |
|
|
|a (WaSeSS)ssj0000802781
|
| 040 |
|
|
|a AU@
|b eng
|e pn
|c AU@
|d OCLCQ
|d MYG
|d OCLCQ
|d CUS
|d OCLCF
|d CUS
|d DLC
|d OCLCQ
|d CUS
|d WaSeSS
|
| 042 |
|
|
|a pcc
|
| 050 |
0 |
0 |
|a HT101
|
| 210 |
0 |
|
|a Urban stud. res.
|b (Online)
|
| 222 |
|
0 |
|a Urban Studies Research
|b (Online)
|
| 245 |
0 |
0 |
|a Urban studies research
|h [electronic resource].
|
| 260 |
|
|
|a Cairo :
|b Hindawi Pub. Corp.,
|c 2011-
|
| 310 |
|
|
|a Quarterly
|
| 362 |
1 |
|
|a Began with: Vol. 2011, article ID 692764.
|
| 506 |
|
|
|a License restrictions may limit access.
|
| 515 |
|
|
|a Articles added intermittently throughout the year, grouped by year, with each article also assigned an article ID no.
|
| 588 |
|
|
|a Description based on: Vol. 2011, article ID 692764; title from journal home page (Hindawi website, viewed Dec. 17, 2012).
|
| 588 |
|
|
|a Latest issue consulted: Vol. 2016, article ID 5395379 (publisher's Web site, viewed June 8, 2016).
|
| 650 |
|
0 |
|a Urban policy
|x Research
|v Periodicals.
|
| 650 |
|
7 |
|a Urban policy
|x Research.
|2 fast
|0 (OCoLC)fst01162506
|
| 655 |
|
0 |
|a Electronic journals.
|
| 710 |
2 |
|
|a Hindawi Publishing Corporation.
|
| 776 |
0 |
8 |
|i Print version:
|t Urban studies research
|x 2090-4185
|
| 850 |
|
|
|a DLC
|
| 856 |
4 |
0 |
|z Full text available from Research Library: 01/01/2011 to 01/31/2017
|u https://search.proquest.com/publication/1136355
|